000
00345cam a2200145ua 4500
041
_a
eng
_h
082
_a
821
_b
GRA/PO
100
_a
Gray, .
245
_a
Poetry and prose /
_c
Gray.
_h
Textual Documents
260
_a
London :
_b
Oxford at the Clarendon Press ,
_c
1963.
300
_a
176 ; .
504
_a
942
_c
BK
999
_c
4988
_d
4988